| 000 | 00374nam a22001217a 4500 | ||
|---|---|---|---|
| 082 | _a200 THE | ||
| 100 |
_aMuhammad Ali Kiani _970181 |
||
| 245 | _aTH-SOF-1669- AUTOMATIC SPOT WELDING FEATURE RECOGNITION FROM STEP DATA | ||
| 260 |
_aISLAMABAD _bNUST COLLEGE OF EME _c2019 |
||
| 650 | _a MS-MECH-2016 MSTHESIS | ||
| 700 |
_aSupervisor Hasan Aftab Saeed _970182 |
||
| 942 | _cCF | ||
| 999 |
_c577205 _d577205 |
||